| 000 | 00542nam a22001697a 4500 | ||
|---|---|---|---|
| 005 | 20250210111942.0 | ||
| 008 | 250210b |||||||| |||| 00| 0 eng d | ||
| 020 | _a9693205537 | ||
| 040 | _cPK-LaUMT | ||
| 082 |
_a27.2113 _bTAH-K |
||
| 100 |
_aTahir ul Qadiri, Muhammad = طاہر القادری، محمد _92833 |
||
| 245 |
_aKitabul toheed =کتاب التوحید / _cby Muhammad Tahir ul Qadiri = محمد طاہرالقادری |
||
| 260 |
_aLahore : _bMinhaj ul Quran, _c2007 |
||
| 300 | _a874 p. | ||
| 546 | _aUrdu | ||
| 942 | _cBK | ||
| 999 |
_c136850 _d136850 |
||